000 00309nam a2200121Ia 4500
008 190216s9999||||xx |||||||||||||| ||und||
100 _aRajendran N
245 0 _aEstablishment Of British Power In Malabar
260 _b"Chugh Publications, India"
_c1979
300 _a292p
650 _aHistory
942 _cREF
999 _c35956
_d35956